000 00484nam a2200181Ia 4500
001 54636
008 120404n ii |||gr||||Z||||||465
020 _a9789380261416
082 _a923.2
245 0 _aSubhas Chandra Bose and the British Raj
_cJogesh Kakati
_hTextual Documents
250 _aIst ed.
260 _aGuwahati:
_bEBH Publishers ,
_c2011.
300 _a128pg:
_c23cm.
653 _aBiography
653 _aG- Biography
700 _aKakati.,
_eJogesh.
942 _2ddc
_cBK
999 _c54590
_d54590